000 003370000a22001450004500
003 MACL
040 _aMACL
090 _c33086
_d33084
100 _aAgrawal, Chandresh
245 _aAIEEE All India Engineering Entrance Exam
260 _bThousend of Objective Qwestions
350 _a225
650 _aEngineering
942 _cBOOK
_k620
999 _c32744
_d32744